000 00408nam a2200145 i 4500
001 39348
003 ES-MaACL
005 20230906155944.0
007 t|
008 030227s1961 xxc ||||1| eng d
245 0 0 _aCanada and the United Nations 1960
_b: conferences series 1961.
260 _aOttawa :
_bRoger Duhamel,
_c1961.
300 _a115 p., 5 lám. ;
_c23 cm.
852 _aES-MaACL
_jC-23563
_bR.52101
999 _c39348
_d39348